000 00307nam a2200133Ia 4500
005 20251222153636.0
008 251222s9999||||xx |||||||||||||| ||spa||
020 _a8445410490
082 _a657/C50
245 0 _aPlan General de Contabilidad Pública
250 _a4ta. ed.
264 _bCEF
942 _cLIB
999 _c32564
_d32564